| Tag |
First Indicator |
Second Indicator |
Subfields |
| LEADER |
00000cam a2200000Ii 4500 |
| 001 |
in00004633765 |
| 003 |
OCoLC |
| 008 |
220722t20222022ne abe b 001 0 eng d |
| 005 |
20250816185342.1 |
| 020 |
|
|
|a 9463721479
|q (hardcover)
|
| 020 |
|
|
|a 9789463721479
|q (hardcover)
|
| 020 |
|
|
|z 9789048555291
|q (ebook)
|
| 035 |
|
|
|a (OCoLC)1336890113
|
| 040 |
|
|
|a YDX
|e rda
|c YDX
|d COO
|d BDX
|d JPG
|
| 043 |
|
|
|a e------
|
| 050 |
|
4 |
|a NA2543.I47
|b G76 2022
|
| 082 |
0 |
|
|a 720.94
|2 23
|
| 100 |
1 |
|
|a Groten, Miel,
|e author.
|
| 245 |
1 |
4 |
|a The architecture of empire in modern Europe :
|b space, place, and the construction of an imperial environment, 1860-1960 /
|c Miel Groten.
|
| 264 |
|
1 |
|a Amsterdam :
|b Amsterdam University Press,
|c [2022].
|
| 264 |
|
4 |
|c ©2022.
|
| 300 |
|
|
|a 339 pages :
|b illustrations, maps, plans ;
|c 24 cm.
|
| 336 |
|
|
|a still image
|b sti
|2 rdacontent
|
| 336 |
|
|
|a text
|b txt
|2 rdacontent
|
| 337 |
|
|
|a unmediated
|b n
|2 rdamedia
|
| 338 |
|
|
|a volume
|b nc
|2 rdacarrier
|
| 490 |
1 |
|
|a Landscape and heritage studies
|
| 504 |
|
|
|a Includes bibliographical references (pages [209]-334) and index.
|
| 520 |
|
|
|a Empires stretched around the world, but also made their presence felt in architecture and urban landscapes. 'The Architecture of Empire in Modern Europe' traces the entanglement of the European built environment with overseas imperialism in the nineteenth and twentieth centuries. As part of imperial networks between metropole and colonies, in cities as diverse as Glasgow, Hamburg or Paris, numerous new buildings were erected such as factories, mission houses, offices and museums. These sites developed into the physical manifestations of imperial networks. As Europeans designed, used and portrayed them, these buildings became meaningful imperial places that conveyed the power relations of empire and Eurocentric self-images. Engaging with recent debates about colonial history and heritage, this book combines a variety of sources, an interdisciplinary approach, and an international scope to produce a cultural history of European imperial architecture across borders.
|
| 650 |
|
0 |
|a Imperialism and architecture
|z Europe
|x History
|y 19th century.
|
| 650 |
|
0 |
|a Imperialism and architecture
|z Europe
|x History
|y 20th century.
|
| 830 |
|
0 |
|a Landscapes and heritage studies.
|
| 945 |
|
|
|b 535364
|
| 947 |
|
|
|a A14851373911
|
| 948 |
|
|
|a dmitchel 12/19/23 9.30.20
|
| 999 |
f |
f |
|i a563ac10-97a1-4096-9273-cd62c211bca7
|s 47e4a6ac-7fad-45c3-8d64-d65d54d54303
|t 0
|
| 952 |
f |
f |
|p normal
|a Texas A&M University
|b College Station
|c Sterling C. Evans Library
|d Evans: Library Stacks
|t 0
|e NA2543.I47 G76 2022
|h Library of Congress classification
|i unmediated -- volume
|m A14851373911
|
| 998 |
f |
f |
|a NA2543.I47 G76 2022
|t 0
|l Evans: Library Stacks
|